Movies Quiz

Random Movies or Role Quiz

Models In Movies (Slideshow) Quiz Stats

Quiz not verified by Sporcle

Challenge
Share
Tweet
Score 0/25 Timer 06:00
0 Plays Today
% Correct
The Wolverine
75.5%
The Devil Wears Prada
75.2%
Furious 6
74.7%
X-Men: The Last Stand
69.6%
Transformers: Dark of the Moon
67.6%
Mad Max: Fury Road
65.9%
Coyote Ugly
64.7%
Ri¢hie Ri¢h
55.6%
The Blue Lagoon
52%
Pirates of the Caribbean: On Stranger Tides
51.1%
Resident Evil: Afterlife
50.8%
Hitch
47%
Midnight In Paris
39.5%
% Correct
Warm Bodies
37.3%
The Other Woman
36.2%
Sin City
35.2%
Clash of the Titans
33%
Pride and Prejudice and Zombies
31.5%
Paper Towns
31.3%
Just Go With It
31.2%
Sirens
16.9%
Starsky & Hutch
16.3%
How to Lose a Guy in 10 Days
15%
The Imaginarium of Doctor Parnassus
10.8%
Gone Girl
10.8%

You're not logged in!

Compare scores with friends on all Sporcle quizzes.
Sign Up with Email
OR
Log In

You Might Also Like...

Show Comments

Extras

Top Quizzes Today


Score Distribution

Your Account Isn't Verified!

In order to create a playlist on Sporcle, you need to verify the email address you used during registration. Go to your Sporcle Settings to finish the process.